000 01583nam a2200361 i 4500
001 bg
003 BPK
005 20221028074943.0
008 080808s2007 pl f f |000 0 pol
020 _a9788301148140
020 _a9788301148157
040 _cBPK
041 1 _apol
_heng
080 _a339.9
080 _a(075.8)
100 1 _aKrugman, Paul R.
_d(1953- )
_eAutor
245 1 0 _aEkonomia międzynarodowa :
_bteoria i polityka.
_nT. 1 /
_cPaul R. Krugman, Maurice Obstfeld ; red. nauk. przekł. Jan Jakub Michałek, Włodzimierz Siwiński ; przekł. Paweł Gieraltowski [et al.] ; aut. [aneksów] Gabriela Grotkowska [et al.].
250 _aWyd. 3 zm.
260 _aWarszawa :
_bWydawnictwo Naukowe PWN,
_c2007.
500 _aPoprzednie wyd. ukazały się pt.: "Międzynarodowe stosunki gospodarcze. Teoria i polityka", wyd. 1 w 1993 r., wyd. 2 popr. i rozsz. w 1997 r.
500 _aTyt. oryg.: "International economics. Theory and policy", 7th ed.
504 _aBibliogr. przy rozdz.
530 _aDostępny także w formie elektronicznej.
655 _aPodręczniki akademickie
650 4 _aMiędzynarodowe stosunki gospodarcze
700 1 _aGrotkowska, Gabriela.
700 1 _aGierałtowski, Paweł
_eTłumaczenie
700 1 _aMichałek, Jan Jakub
_d(1953- )
_eRedakcja
700 1 _aObstfeld, Maurice
_eAutor
700 1 _aSiwiński, Włodzimierz
_d(1939- )
_eRedakcja
856 _uhttp://koha.tu.koszalin.pl/cgi-bin/koha/opac-detail.pl?biblionumber=53525
_yKatalog online BPK
942 _cKS
_2UKD
999 _c53525
_d53525